000 01222nac a22003131i 4500
003 EG-ScBUE
005 20260414142919.0
008 260414t1941 nyua f 000 0 eng d
020 _a0486234711
040 _aEG-ScBUE
_beng
_erda
_cEG-ScBUE
_dEG-ScBUE
082 0 4 _a574
_bHEA
_222
100 1 _aHeadstrom, Richard,
_eauthor.
245 1 0 _aAdventures with a microscope /
_cby Richard Headstrom.
264 1 _aNew York :
_bDover Publications,
_c[1941]
264 4 _cc1941
300 _axxiv, 232 pages :
_billustrations ;
_c21 cm
336 _2rdacontent
_atext
_btxt
337 _aunmediated
_2rdamedia
_bn
338 _avolume
_bnc
_2rdacarrier
500 _aReprint of the ed. published by F. A. Stokes Co., New York.
520 _aOutlines fifty-nine microscope projects in addition to presenting a brief history of the microscope, a list of useful laboratory supplies, and close-up drawings of objects suggested for examination.
650 7 _aMicroscopy
_xJuvenile literature.
_2BUEsh
650 7 _aMicroscopes
_xJuvenile literature.
_2BUEsh
650 7 _aMicroscopes.
_2BUEsh
650 7 _aMicroscopy.
_2BUEsh
655 _vReading book
942 _cBB
_2ddc
999 _c1838
_d1838